[Event "Fredrikstad CC-ch"]
[White "Olsen, Svein"]
[Black "Ulriksen, Frank"]
[Site "Fredrikstad"]
[Round "10"]
[Result "1-0"]
[Date "2002.05.22"]
[WhiteElo "1560"]
[BlackElo "1348"]
[PlyCount "78"]
[EventDate "2002.01.??"]
[EventType "swiss"]
[EventRounds "11"]
[EventCountry "NOR"]
[SourceTitle "EXT 2005"]
[Source "ChessBase"]
[SourceDate "2004.11.15"]
[SourceVersion "1"]
[SourceVersionDate "2004.11.15"]
[SourceQuality "1"]

1. c4 e5 2. Nc3 Bc5 3. e3 Nc6 4. a3 a5 5. g3 d6 6. Bg2 Nge7 7. Nge2 0-0 8. 0-0 f5 9. d3 Ng6 10. Na4 Bd7 11. Nxc5 dxc5 12. b3 Qe7 13. Nc3 Rae8 14. Qd2 f4 15. Nd5 Qd6 16. Bb2 f3 17. Bh1 h5 18. Qd1 Bg4 19. Nc3 Rd8 20. Nd5 Rd7 21. Qc2 Nh8 22. Rfd1 h4 23. d4 hxg3 24. hxg3 Rf5 25. dxe5 Qh6 26. Qe4 Qh3 27. Nf6+ gxf6 28. Rxd7 Rh5 29. Bxf3 Bxd7 30. exf6 Qf5 31. Qxf5 Rxf5 32. Bg4 Rd5 33. cxd5 Bxg4 34. dxc6 bxc6 35. Rc1 Be6 36. Rxc5 Bd5 37. Rxa5 Bxb3 38. Ra8+ Kh7 39. Ra7 Kg6 1-0

[Event "Fredrikstad CC-ch"]
[White "Ulriksen, Frank"]
[Black "Johansen, Odd Bjoern"]
[Site "Fredrikstad"]
[Round "9"]
[Result "1/2-1/2"]
[Date "2002.03.27"]
[WhiteElo "1348"]
[BlackElo "1450"]
[PlyCount "49"]
[EventDate "2002.01.??"]
[EventType "swiss"]
[EventRounds "11"]
[EventCountry "NOR"]
[SourceTitle "EXT 2005"]
[Source "ChessBase"]
[SourceDate "2004.11.15"]
[SourceVersion "1"]
[SourceVersionDate "2004.11.15"]
[SourceQuality "1"]

1. d4 d5 2. e3 Nf6 3. Bd3 Nc6 4. a3 g6 5. f4 Bg7 6. Nd2 Bd7 7. Ngf3 Qc8 8. 0-0 0-0 9. c3 Bf5 10. Qe2 Bxd3 11. Qxd3 e6 12. b4 Ne8 13. Ne5 Nxe5 14. fxe5 f6 15. Nf3 fxe5 16. dxe5 c6 17. Bb2 Qd8 18. c4 Nd6 19. exd6 Bxb2 20. Rab1 Bf6 21. c5 e5 22. e4 d4 23. h3 Qd7 24. Nh2 Bg7 25. Nf3 1/2-1/2